27大阪府の市区町村 - Statistics

General Stats
  • This quiz has been taken 347 times
    337 since last reset
  • The average score is 48 of 72
Answer Stats
Answer % Correct
大阪市北区
93%
高槻市
91%
大阪市中央区
90%
吹田市
88%
枚方市
88%
東大阪市
88%
豊中市
84%
大阪市西区
82%
茨木市
82%
大阪市西成区
81%
堺市西区
81%
堺市北区
81%
堺市南区
80%
大阪市港区
79%
大阪市天王寺区
79%
泉佐野市
79%
大阪市淀川区
78%
大阪市東淀川区
77%
大阪市浪速区
76%
堺市東区
76%
大阪市此花区
75%
堺市中区
75%
門真市
75%
大阪市東成区
74%
大阪市阿倍野区
74%
岸和田市
74%
八尾市
74%
池田市
73%
寝屋川市
73%
摂津市
72%
大阪市西淀川区
71%
河内長野市
71%
大阪市住吉区
70%
和泉市
70%
箕面市
69%
阪南市
69%
大阪市住之江区
68%
大阪市平野区
68%
堺市堺区
68%
守口市
68%
泉南市
68%
大阪市大正区
66%
富田林市
66%
泉大津市
65%
四條畷市
65%
交野市
65%
大阪狭山市
65%
大東市
64%
大阪市福島区
63%
大阪市生野区
63%
松原市
63%
羽曳野市
62%
大阪市都島区
61%
大阪市城東区
61%
大阪市東住吉区
61%
大阪市鶴見区
61%
藤井寺市
61%
貝塚市
59%
柏原市
59%
大阪市旭区
57%
堺市美原区
57%
高石市
57%
泉南郡岬町
40%
豊能郡豊能町
39%
豊能郡能勢町
38%
泉南郡田尻町
38%
三島郡島本町
35%
泉南郡熊取町
33%
南河内郡千早赤阪村
33%
南河内郡太子町
32%
泉北郡忠岡町
30%
南河内郡河南町
29%
No matching quizzes found
Score Distribution
Percent of People with Each Score
Percentile by Number Answered
Your Score History
You have not taken this quiz since the last reset